000 00418 a2200169 4500
001 184808
020 _a85-16-1342-7
040 _cMagnum
100 _aBarbosa, Rogerio Andrade
240 1 0 _aA maldição das inscrições na pedra da gávea
_lpor
245 1 0 _aA maldição das inscrições na pedra da gávea
300 _a48
362 0 _a1997
440 1 _aFTD
697 _aLITERATURA JUVENIL
942 _cBK
999 _c184808
_d184808